Nové stimuly kreatívnej spoločnosti diplomová práca

Uložené v:
Podrobná bibliografia
Hlavný autor: Barta, Michal
Korporativný autor: Národohospodárska fakulta EU. Katedra sociálneho rozvoja a práce
Ďalší autori: Antalová, Mária, 1952-
Médium: Kniha
Jazyk:Slovak
Vydavateľské údaje: Bratislava 2013
Tagy: Pridať tag
Žiadne tagy, Buďte prvý, kto otaguje tento záznam!

MARC

LEADER 00000nbm a2200000 4500
001 0169310
005 20161109102255.2
041 0 |a slo 
044 |a SK 
245 1 0 |a Nové stimuly kreatívnej spoločnosti  |b diplomová práca  |c Michal Barta ; školiteľ: Mária Antalová 
264 1 |a Bratislava  |c 2013 
300 |a 71 s. 
100 1 |a Barta, Michal 
700 1 |a Antalová, Mária, 1952- 
710 2 |a Národohospodárska fakulta EU. Katedra sociálneho rozvoja a práce